| Tag |
First Indicator |
Second Indicator |
Subfields |
| LEADER |
00000cam a2200000Ia 4500 |
| 001 |
in00000002714 |
| 008 |
990111s1998 vauab b f000 0 eng d |
| 005 |
20230309222532.8 |
| 035 |
|
|
|a (OCoLC)ocm40628507
|
| 035 |
|
|
|9 AJD7627AM
|
| 035 |
|
|
|a in00000002714
|
| 040 |
|
|
|a FZU
|c FZU
|d OCL
|d AGL
|d GPO
|d MvI
|d UtOrBLW
|
| 043 |
|
|
|a n-usu--
|
| 049 |
|
|
|a UDOC
|
| 049 |
|
|
|a WWW
|
| 070 |
0 |
|
|a GB701.W375
|b no.98-4231
|
| 072 |
|
0 |
|a B200
|
| 074 |
|
|
|a 0624-B
|
| 074 |
|
|
|a 0624-B (online)
|
| 086 |
0 |
|
|a I 19.42/4:98-4231
|
| 090 |
|
|
|a GB701
|b .W375 no. 98-4231
|
| 245 |
0 |
0 |
|a Hurricane Georges :
|b headwater flooding, storm surge, beach erosion, and habitat destruction on the Central Gulf Coast /
|c by D. Phil Turnipseed [and others].
|
| 264 |
|
1 |
|a [Reston, Va.] :
|b U.S. Dept. of the Interior, U.S. Geological Survey,
|c [1998]
|
| 300 |
|
|
|a 1 folded sheet (6 pages) :
|b color illustrations, color map ;
|c 28 cm.
|
| 336 |
|
|
|a text
|b txt
|2 rdacontent
|
| 337 |
|
|
|a unmediated
|b n
|2 rdamedia
|
| 338 |
|
|
|a sheet
|b nb
|2 rdacarrier
|
| 490 |
1 |
|
|a USGS Water resources investigations report ;
|v 98-4231
|
| 500 |
|
|
|a Caption title.
|
| 500 |
|
|
|a Shipping list number: 1999-0093-P.
|
| 500 |
|
|
|a "October 1998."
|
| 500 |
|
|
|a Shipping List #: 99-0093-P
|
| 500 |
|
|
|a Shipping List Date: 01/05/99
|
| 504 |
|
|
|a Includes bibliographical references (page 6).
|
| 505 |
1 |
|
|a History of Hurricane Georges -- Headwater flooding -- Storm surge and beach erosion -- Habitat destruction in the Chandeleur Islands.
|
| 530 |
|
|
|a Also available via Internet at the USGS web site. Address as of 01/06/03: http://ms.water.usgs.gov/msproj/reports/georges/index.html; current access via PURL.
|
| 650 |
|
0 |
|a Hurricane Georges, 1998.
|
| 650 |
|
0 |
|a Storm surges
|z Southern States.
|
| 650 |
|
0 |
|a Beach erosion
|z Southern States.
|
| 651 |
|
0 |
|a Chandeleur Islands (La.)
|
| 700 |
1 |
|
|a Turnipseed, D. Phil.
|
| 710 |
2 |
|
|a Geological Survey (U.S.)
|
| 830 |
|
0 |
|a Water-resources investigations report ;
|v 98-4231.
|
| 856 |
4 |
1 |
|u https://purl.fdlp.gov/GPO/LPS25533
|t 0
|
| 999 |
|
|
|a MARS
|
| 999 |
f |
f |
|i 41e534de-a623-3464-9293-dda98d4a639e
|s 922ad3b0-e8fc-3f58-a587-26c723c47fab
|t 0
|
| 952 |
f |
f |
|p normal
|a Texas A&M University
|b College Station
|c Sterling C. Evans Library
|d Evans: US Documents (Annex 5th floor)
|t 0
|e I 19.42/4:98-4231
|h Superintendent of Documents classification
|i unmediated -- sheet
|m A14824444029
|
| 998 |
f |
f |
|a I 19.42/4:98-4231
|t 0
|l Evans: US Documents (Annex 5th floor)
|